Stabilization of medium plastic and high plastic clay using gypsum and bagasse ash / (Record no. 533810)

000 -LEADER
fixed length control field 00529nam a22001577a 4500
020 ## - INTERNATIONAL STANDARD BOOK NUMBER
Qualifying information Hard Cover.
082 ## - DEWEY DECIMAL CLASSIFICATION NUMBER
Classification number 624.15
100 ## - MAIN ENTRY--PERSONAL NAME
Personal name Hussain, Sadam
245 ## - TITLE STATEMENT
Title Stabilization of medium plastic and high plastic clay using gypsum and bagasse ash /
Statement of responsibility, etc. Sadam Hussain
260 ## - PUBLICATION, DISTRIBUTION, ETC.
Place of publication, distribution, etc. Islamabad :
Name of publisher, distributor, etc. NICE - NUST,
Date of publication, distribution, etc. 2016.
300 ## - PHYSICAL DESCRIPTION
Extent xvii, 67 p. ill. ;
Dimensions 30cm.
942 ## - ADDED ENTRY ELEMENTS (KOHA)
Source of classification or shelving scheme
Koha item type Thesis
650 ## - SUBJECT ADDED ENTRY--TOPICAL TERM
Topical term or geographic name entry element Geotechnical Engineering MS-Thesis.
700 ## - ADDED ENTRY--PERSONAL NAME
Personal name Dr. Liaqat Ali.
650 ## - SUBJECT ADDED ENTRY--TOPICAL TERM
-- 16696
700 ## - ADDED ENTRY--PERSONAL NAME
-- 16199
Holdings
Withdrawn status Lost status Source of classification or shelving scheme Damaged status Not for loan Permanent Location Current Location Shelving location Date acquired Total Checkouts Full call number Barcode Date last seen Price effective from Koha item type
          Central Library (CL) Central Library (CL) Thesis 01/21/2020   624.15 CL-T-4696 01/21/2020 01/21/2020 Thesis
© 2023 Central Library, National University of Sciences and Technology. All Rights Reserved.